| 000 | 00450cam a2200193ua 4500 | ||
|---|---|---|---|
| 001 | 3610 | ||
| 005 | 20260515113715.0 | ||
| 008 | 111128n ii |||gr||||Z||||||asm | ||
| 040 | _cMAIN | ||
| 082 | _a782.42 | ||
| 100 | _aDevi, Nalinibala, | ||
| 245 | 1 | 1 |
_aAlakananda _cby Nalinibala Devi |
| 250 | _a1st. | ||
| 260 |
_aJorhat: _bAsam sahitya sabha,967. |
||
| 300 |
_a255p: _c23cm. |
||
| 653 | _aAssamese poem | ||
| 653 | _aAlakananda | ||
| 942 | _cBK | ||
| 999 |
_c3449 _d3449 |
||